| 000 | 01620cam a2200361 a 4500 | ||
|---|---|---|---|
| 001 | EDZ0000105117 | ||
| 003 | StDuBDS | ||
| 005 | 20161031105142.0 | ||
| 006 | m||||||||d|||||||| | ||
| 007 | cr ||||||||||| | ||
| 008 | 121017s2010 enka fo| 001|0|eng|d | ||
| 020 |
_a9781446269510 (ebook) : _cNo price |
||
| 040 |
_aStDuBDS _beng _cStDuBDS _epn |
||
| 049 | _aAlfaisal Main Library | ||
| 050 | 0 |
_aBF78 _b.M344 2010 |
|
| 082 | 0 | 4 |
_a150 _223 |
| 100 | 1 | _aMcGee, Sieglinde. | |
| 245 | 1 | 0 |
_aKey research and study skills in psychology _h[electronic resource] / _cSieglinde McGee. |
| 260 |
_aLondon : _bSAGE, _c2010. |
||
| 300 |
_a1 online resource (210 p.) : _bill. |
||
| 520 | 8 | _aProviding students with a single source from which they can learn and develop the wide range of skills necessary to achieve good and high grades in psychology, this guide will replace students' stress and fear of essays, reports, statistics and exams with a sense of confidence, enthusiasm and even fun. | |
| 521 | _aSpecialized. | ||
| 588 | _aDescription based on print version record. | ||
| 504 | _aIncludes bibliographical references and index. | ||
| 650 | 0 |
_aPsychology _xExaminations _vStudy guides. |
|
| 650 | 0 |
_aPsychology _xResearch _xMethodology. |
|
| 655 | 7 |
_aElectronic books. _2local |
|
| 710 | 2 | _aSage eBooks | |
| 776 | 0 | 8 |
_iPrint version : _z9781848600218 |
| 856 | 4 | 0 |
_3SAGE research methods _uhttp://methods.sagepub.com/book/key-research-and-study-skills-in-psychology |
| 856 | 4 | 0 | _uhttp://ezproxy.alfaisal.edu/login?url=http://sk.sagepub.com/books/key-research-and-study-skills-in-psychology |
| 942 |
_2lcc _cEBOOKS |
||
| 999 |
_c480436 _d480436 |
||